| 000 | 00817cam a22002411i 4500 | ||
|---|---|---|---|
| 001 | af 49001188 | ||
| 003 | DLC | ||
| 005 | 20260227110918.0 | ||
| 008 | 720120s1944 be a 000 0 dut | ||
| 010 | _aaf 49001188 | ||
| 035 | _a(OCoLC)34384376 | ||
| 040 |
_aDLC _cNN _dDLC |
||
| 042 | _apremarc | ||
| 050 | 0 | 0 |
_aPZ17.V35 _bR3 |
| 100 | 1 |
_aVelde, Anton van de, _d1895- |
|
| 245 | 1 | 0 |
_aRadèske, _been kwajongensspel in drie bedrijven, vijf tafereelen. Dansen en deuntjes door Jos de Klerk. |
| 260 |
_aBrugge, _bDe Kinkhoren, _c1944. |
||
| 300 |
_a150 p. _billus. _c21 cm. |
||
| 490 | 0 |
_aOpbouwen, tooneel-uitgaven, _v5. reeks, nr 37 |
|
| 500 | _aWithout the music. | ||
| 500 | _aVol. 1 of a trilogy of which v. 2. is entitled: Radijs and v. 3, Radijs en Bot op sterrevaart. | ||
| 700 | 1 |
_aKlerk, Joseph de, _d1885- |
|
| 999 |
_c6876 _d6876 |
||